Israel (Record no. 7066)

MARC details
000 -LEADER
fixed length control field 00191nam a22000857a 4500
008 - FIXED-LENGTH DATA ELEMENTS--GENERAL INFORMATION
fixed length control field 170624b xxu||||| |||| 00| 0 eng d
100 ## - MAIN ENTRY--PERSONAL NAME
9 (RLIN) 3657
Personal name Steimatzky
245 ## - TITLE STATEMENT
Title Israel
260 ## - PUBLICATION, DISTRIBUTION, ETC. (IMPRINT)
Place of publication, distribution, etc. Itraly
Name of publisher, distributor, etc. 2008
Holdings
Withdrawn status Lost status Source of classification or shelving scheme Damaged status Koha normalized classification for sorting Not for loan Home library Current library Shelving location Date acquired Total Checkouts Full call number Barcode Date last seen Price effective from Koha item type
    Dewey Decimal Classification   210_000000000000000   Good Samaritan School Library Good Samaritan School Library BIBLE 06/24/2017   210 STE7624 06/24/2017 06/24/2017 BOOK

Powered by Koha